Curs de Postgrau en Govern Local / [organitzat per: Universitat de Barcelona, Institut de Ciències Polítiques i Socials i la Diputació de Barcelona] Universitat de Barcelona, Institut de Ciències Polítiques i Socials i la Diputació de Barcelona]
Descripción Física:
32 p. : fot. ; 21 cm
MARC
| LEADER | 00000nam a2200000Ia 4500 | ||
|---|---|---|---|
| 001 | 18737 | ||
| 008 | 160829s2006 xx 000 0 cat d | ||
| 080 | |a FU-51-30 | ||
| 245 | |a Curs de Postgrau en Govern Local / [organitzat per: |b Universitat de Barcelona, Institut de Ciències Polítiques i Socials i la Diputació de Barcelona] | ||
| 250 | |a 5a ed. | ||
| 260 | |a Barcelona : |b Diputació de Barcelona. Centre per a la Innovació Local, |c 2006 | ||
| 300 | |a 32 p. : |b fot. ; |c 21 cm | ||
| 590 | |a Curs 2006 - 2007 | ||
| 650 | |a Administració local |x Ensenyament universitari (Postgrau) |9 43861 | ||
| 710 | 2 | |a Universitat de Barcelona |9 51297 | |
| 710 | 2 | |a Centre per a la Innovació Local |9 54171 | |
| 710 | 2 | |a Institut de Ciències Polítiques i Socials (Barcelona, Catalunya) |9 55871 | |
| 901 | |a Arxiu | ||
| 942 | |n 1 | ||
| 952 | |0 0 |1 0 |4 0 |6 FU5130 |7 1 |9 51650 |a Arxiu |b Arxiu |d 2016-12-01 |l 0 |o FU-51-30 |p 18737 |r 2016-12-01 00:00:00 |w 2016-12-01 |y ARXIU | ||
| 999 | |c 55495 |d 55495 | ||